| Tag |
First Indicator |
Second Indicator |
Subfields |
| LEADER |
00000cam a22000008a 4500 |
| 001 |
in00000084867 |
| 005 |
20151008054412.0 |
| 008 |
810629s1982 maua 00100 eng |
| 010 |
|
|
|a 81010225
|
| 020 |
|
|
|a 0534010431
|
| 035 |
|
|
|a (OCoLC)07596005
|
| 035 |
|
|
|9 AAJ0549AM
|
| 039 |
0 |
|
|a 2
|b 3
|c 3
|d 3
|e 3
|
| 040 |
|
|
|a DLC
|c DLC
|d TXA
|d UtOrBLW
|
| 049 |
|
|
|a TXAM
|c 1 [1672233], 2 [273537]
|
| 050 |
0 |
0 |
|a TK7895.M5
|b B37
|
| 082 |
0 |
|
|a 621.3819/58
|2 19
|
| 100 |
1 |
|
|a Barnaal, Dennis,
|d 1936-
|
| 245 |
1 |
0 |
|a Digital and microprocessor electronics for scientific application /
|c Dennis Barnaal.
|
| 263 |
|
|
|a 8201
|
| 264 |
|
1 |
|a North Scituate, Mass. :
|b Breton Publishers,
|c 1982.
|
| 300 |
|
|
|a xiv, 309 pages :
|b illustrations ;
|c 24 cm.
|
| 336 |
|
|
|a text
|b txt
|2 rdacontent
|
| 337 |
|
|
|a unmediated
|b n
|2 rdamedia
|
| 338 |
|
|
|a volume
|b nc
|2 rdacarrier
|
| 500 |
|
|
|a Includes index.
|
| 650 |
|
0 |
|a Microprocessors
|x Scientific applications.
|
| 999 |
|
|
|a MARS
|
| 999 |
f |
f |
|s 33d3d6c9-c807-344e-886a-a19cb81f31fd
|i a581a2cb-965b-334e-bfdb-88b9f6955e90
|t 0
|
| 952 |
f |
f |
|p normal
|a Texas A&M University
|b College Station
|c Sterling C. Evans Library
|d Evans: Library Stacks
|t 0
|e TK7895.M5 B37
|h Library of Congress classification
|i unmediated -- volume
|m A14806252741
|
| 952 |
f |
f |
|p ric
|a Texas A&M University
|b Rellis Campus
|c Joint Library Facility
|d Remote Storage
|t 0
|e TK7895.M5 B37
|h Library of Congress classification
|i unmediated -- volume
|m A14808003889
|
| 998 |
f |
f |
|a TK7895.M5 B37
|t 0
|l Evans: Library Stacks
|
| 998 |
f |
f |
|a TK7895.M5 B37
|t 0
|l Remote Storage
|